Регионална библиотека "Любен Каравелов" - Русе

Lace (Запис номер 208546)

MARC детайли
000 -Лидер
Контролно поле с фиксирана дължина 00949nkm a2200337 c 4500
003 - Код на организацията, давaща контролен номер
Контролно поле BLK
005 - Дата и час на последна редакция
Контролно поле 20200429150514.0
008 - Елементи от данни с фиксирана дължина
fixed length control field 180412b bul rap|r|||| r0| ||bulo|
010 ## - Наследен системен номер
LC control number KNG00043482000
020 ## - Международен стандартен номер на книга ISBN
Международен стандартен номер на книга ISBN 2-87714-283-3
040 ## - Източник на каталожния запис
Идентификатор на билиотеката - собственик на записа BLK
041 ## - Код за език
Код за езика на текст/звукозапис или на отделно заглавие Английски
Код за езика КДБФ Английски
080 ## - УДК
Текстов определител УДК Плетене на дантели. Тюл. Филе
УДК код - определител по УДК 746.2
УДК - код + определител 746.2
139 ## - Редно поле
Редна дума Lace
Авторски знак Lac - L 12
Feature heading Л 40
245 10 - Сведения за заглавието
Заглавие Lace
257 ## - Страна на издаване
Страна на създаване/издаване Франция
260 ## - Област на издателските данни
Име на издателя, разпространителя и проч. Bookking Intern.
Година на издаване 1995
300 ## - Физическа характеристика
Страници 94 c
Илюстрации и др. с ил.
Размери/Мащаб 30 см
380 ## - Жанр
Жанр Изкуство
650 #4 - Допълнително описание по предмет – тема
Основно описание – тема или топоним Бродерия - албуми
9 (RLIN) 343729
653 ## - Ключова дума – ненормативна
Ключова дума бродерия
653 ## - Ключова дума – ненормативна
Ключова дума поанлас
653 ## - Ключова дума – ненормативна
Ключова дума брюкселска дантела
653 ## - Ключова дума – ненормативна
Ключова дума дантели
653 ## - Ключова дума – ненормативна
Ключова дума модели
852 ## - Местоположение
Форматна сигнатура Цб Гр А ІІ 3924
856 4# - Електронен адрес и достъп
Електронен формат pdf - файл
Път до файла /url/
856 4# - Електронен адрес и достъп
Електронен формат pdf - файл
Път до файла /url/
999 ## - СИСТЕМНИ КОНТРОЛНИ НОМЕРА
Koha biblionumber 208546
Koha biblioitemnumber 208546
942 ## - АРТИКУЛИ
Вид на библиотечния материал Графични издания
Скрит в OPAC Не
Периодичен библиозапис Да
944 ## - СЪЗДАВАНЕ И РЕДАКЦИЯ на ЗАПИСА
Създаване/Редакция Създаване
Дата на регистрацията/редакция 15.01.2003
Служител, извършил регистрацията/редакцията Ирена_Линкова
944 ## - СЪЗДАВАНЕ И РЕДАКЦИЯ на ЗАПИСА
Създаване/Редакция Редакция
Дата на регистрацията/редакция 01.07.2014
999 ## - СИСТЕМНИ КОНТРОЛНИ НОМЕРА
Koha biblioitemnumber 208546
Наличности
Код за отписване Код за изгубен артикул Източник на класификационната схема Код за повреда Коз за рестрикции Код за отдаване Артикулен № Име на библиотеката - собственик Име на библиотеката, в която се намира в момента Статус (Текущо местоположение) Дата на вписване в системата Местоположение - отдел Цена в лева Инвентарен номер Систематично азбучна сигнатура Баркод Номер на екземпляра Цена в евро Служебна бележка Служебен тип на артикула
  Не е изгубен Universal Decimal Classification Не е повреден без рестрикции заемане за дома 359642 Регионална библиотека "Любен Каравелов" Русе Регионална библиотека "Любен Каравелов" Русе Отдел Изкуство - подръчен фонд 2001-01-01 Отдел Изкуство - подръчен фонд 2.99 619634 745/749/Л 40 120000619634 1 1.53 Дост: Pk Вид: Ф N: сф Дата: 01.01.2001 Дата инв: 03.06.2015 Бележки инв: ГрИ2015 Графични издания
Vip Innovations Ltd, Rousse, Bulgaria 2025